| 000 | 00802nam a2200217Ia 4500 | ||
|---|---|---|---|
| 999 |
_c47737 _d47737 |
||
| 003 | GCL | ||
| 005 | 20240530104438.0 | ||
| 008 | 140319s9999 xx 000 0 ara d | ||
| 040 |
_aGCL / _cGCL |
||
| 082 | 0 | 4 |
_a001.5 _bر ا |
| 100 | 1 | _aسمير عزت نصار (مترجم) \\=aجورج خورى (مترجم)v | |
| 245 | 1 | 0 |
_aافول السيادة: كيف تحول ثورة المعلومات عالمنا / _cسمير عزت نصار (مترجم) |
| 300 | _a207 ص | ||
| 490 |
_aالهيئة العامة للاستعلامات _v0 |
||
| 650 | 0 | 4 | _aوكالات الانباء |
| 650 | 0 | 4 | _aالمعلومات، علم |
| 650 | 0 | 4 | _aالتكنولوجيا, خدمات المعلومات |
| 700 | 1 | _aريستون، ولتر | |
| 700 | 1 | _aابراهيم ابوعرقوب | |
| 942 |
_2ddc _cBK |
||